[Event "13. Lichtenberger Sommer"]
[Site "?"]
[Date "2014.08.24"]
[Round "9.3"]
[White "Kurayan, Ruslan"]
[Black "Sieglen, Joachim"]
[Result "1-0"]
[WhiteElo "2398"]
[BlackElo "2261"]
[PlyCount "93"]
[EventDate "2014.??.??"]
[WhiteTeam "Gouverment Chersonsk"]
[BlackTeam "SC Untergrombach 46"]

1. e4 e6 2. d4 d5 3. Nc3 Bb4 4. e5 c5 5. a3 Bxc3+ 6. bxc3 Ne7 7. h4 Qa5 8. Bd2
cxd4 9. cxd4 Qa4 10. Bb4 Nbc6 11. c3 Qxd1+ 12. Kxd1 Bd7 13. Bd3 Nxb4 14. axb4
Nc8 15. Nf3 Nb6 16. Kc2 Ke7 17. Ra5 h6 18. Rha1 a6 19. Nd2 f6 20. f4 fxe5 21.
dxe5 Raf8 22. Rf1 g5 23. hxg5 hxg5 24. fxg5 Rxf1 25. Bxf1 Be8 26. Nf3 Bg6+ 27.
Bd3 Be4 28. Kd2 Nd7 29. Ke3 Bxf3 30. gxf3 Nxe5 31. Be2 Nc6 32. Ra1 e5 33. b5
axb5 34. Bxb5 Rg8 35. Rg1 Nd8 36. c4 Ne6 37. cxd5 Rxg5 38. Rh1 Nc5 39. Rh6 Rg8
40. d6+ Kd8 41. Rh7 Rf8 42. Rc7 Ne6 43. Rxb7 Kc8 44. Ba6 Kd8 45. Ra7 Rf6 46.
Bb5 Kc8 47. Bc6 1-0

[Event "13. Lichtenberger Sommer"]
[Site "?"]
[Date "2014.08.24"]
[Round "9.4"]
[White "Meister, Jakob"]
[Black "Wiebe, Patrick"]
[Result "1-0"]
[WhiteElo "2466"]
[BlackElo "2176"]
[PlyCount "78"]
[EventDate "2014.??.??"]
[WhiteTeam "SK Zehlendorf e.V."]
[BlackTeam "SK Nordhorn-Blanke"]

1. e4 e6 2. d4 d5 3. Nc3 Bb4 4. e5 c5 5. Qg4 Ne7 6. dxc5 Nbc6 7. Bd2 O-O 8. Bd3
Bxc3 9. Bxc3 d4 10. Bd2 Nxe5 11. Bxh7+ Kxh7 12. Qh5+ Kg8 13. Qxe5 f6 14. Qd6 e5
15. Qxd8 Rxd8 16. Ne2 Be6 17. c3 d3 18. Ng3 Rac8 19. Ne4 Bd5 20. f3 Bxe4 21.
fxe4 Rxc5 22. Kf2 Nc8 23. b3 Nd6 24. Rhe1 Nb5 25. Rac1 Na3 26. g4 Kf7 27. Re3
a5 28. Rf3 b5 29. Rd1 Nc2 30. h4 b4 31. c4 Rc6 32. Be3 a4 33. h5 axb3 34. axb3
Ra6 35. g5 Ra1 36. Rd2 Rh1 37. h6 Rh2+ 38. Kg1 Re2 39. h7 Ne1 1-0

[Event "13. Lichtenberger Sommer"]
[Site "?"]
[Date "2014.08.24"]
[Round "9.5"]
[White "Moreno Tejera, Emilio"]
[Black "Zschäbitz, Klaus"]
[Result "1-0"]
[WhiteElo "2435"]
[BlackElo "2064"]
[PlyCount "69"]
[EventDate "2014.??.??"]
[WhiteTeam "Sfrd. Berlin 1903 e.V."]
[BlackTeam "BSG 1827 Eckbauer e.V."]

1. e4 e6 2. b3 c5 3. Bb2 Nc6 4. g3 Nf6 5. Bg2 Qc7 6. f4 d6 7. d3 b6 8. Nf3 Ba6
9. O-O h6 10. c4 Rd8 11. Kh1 Bb7 12. Nc3 Qb8 13. Qe2 Be7 14. Nd1 Rg8 15. Ne3
Rd7 16. Rae1 g6 17. a3 Na5 18. b4 Nc6 19. Bc3 Qd8 20. b5 Nb8 21. Kg1 Kf8 22.
Bh3 Rc7 23. e5 Ne8 24. exd6 Nxd6 25. Ne5 Bf6 26. Qb2 Ne8 27. Rf2 Kg7 28. N3g4
Kh7 29. Nxf6+ Nxf6 30. Nc6 Nxc6 31. bxc6 Bxc6 32. Bxf6 Qxd3 33. Bf1 Qf5 34. h3
h5 35. Re5 1-0

[Event "13. Lichtenberger Sommer"]
[Site "?"]
[Date "2014.08.24"]
[Round "9.6"]
[White "Von Herman, Ulf"]
[Black "Möller, Dustin"]
[Result "1/2-1/2"]
[WhiteElo "2379"]
[BlackElo "1819"]
[PlyCount "39"]
[EventDate "2014.??.??"]
[WhiteTeam "SK König Tegel 1949 e.V."]
[BlackTeam "Eckernförder SC von 1921"]

1. d4 Nf6 2. c4 e6 3. Nc3 Bb4 4. Bg5 h6 5. Bh4 c5 6. dxc5 Bxc5 7. Nf3 Qb6 8. a3
Be7 9. e3 d6 10. Be2 Bd7 11. Qc2 Nc6 12. O-O Rc8 13. Rfd1 Na5 14. Nd2 d5 15.
cxd5 exd5 16. b4 Nc4 17. Bxf6 Nxe3 18. Qd3 Bxf6 19. Rdc1 Bf5 20. Qb5+ 1/2-1/2

[Event "13. Lichtenberger Sommer"]
[Site "?"]
[Date "2014.08.24"]
[Round "9.7"]
[White "Lerch, Philipp"]
[Black "Glantz, Robert"]
[Result "1-0"]
[WhiteElo "2241"]
[BlackElo "2308"]
[PlyCount "81"]
[EventDate "2014.??.??"]
[WhiteTeam "SK König Tegel 1949 e.V."]
[BlackTeam "SC Kreuzberg e.V."]

1. c4 e5 2. g3 Nc6 3. Bg2 f5 4. Nc3 Nf6 5. d3 Bb4 6. Bd2 O-O 7. e3 Bxc3 8. Bxc3
d6 9. Ne2 Qe8 10. O-O Qh5 11. Qd2 Bd7 12. f4 Rae8 13. Rae1 Kh8 14. h3 Qg6 15.
Kh2 Rf7 16. Nc1 Rfe7 17. Qf2 Qh5 18. Kg1 Qf7 19. b3 a6 20. Qb2 d5 21. fxe5 Nxe5
22. Bb4 Re6 23. cxd5 Rb6 24. Bc3 Ng6 25. e4 Nh5 26. exf5 Rxe1 27. Rxe1 Nf8 28.
Qf2 Nf6 29. Bd4 Rb5 30. Bxf6 Qxf6 31. a4 Rb6 32. Qc5 Kg8 33. Qxc7 Qd4+ 34. Kh2
Bxf5 35. Ne2 Qf6 36. Rf1 g6 37. g4 Rxb3 38. gxf5 g5 39. Ng3 Rxd3 40. Nh5 Qb2
41. f6 1-0

[Event "13. Lichtenberger Sommer"]
[Site "?"]
[Date "2014.08.24"]
[Round "9.8"]
[White "Lagunow, Raphael"]
[Black "Petersen, Soren Boeck"]
[Result "1-0"]
[WhiteElo "2121"]
[BlackElo "2256"]
[PlyCount "83"]
[EventDate "2014.??.??"]
[WhiteTeam "SK Zehlendorf e.V."]
[BlackTeam "Damhus Skakklub"]

1. Nf3 d5 2. g3 Nf6 3. Bg2 e6 4. d4 Be7 5. O-O O-O 6. c4 dxc4 7. Ne5 c5 8. dxc5
Qc7 9. Nxc4 Qxc5 10. Nba3 Rd8 11. Qb3 Nc6 12. Be3 Qh5 13. h3 Qxe2 14. Nb5 Nd5
15. Bxa7 Nxa7 16. Nxa7 Qh5 17. Nxc8 Raxc8 18. a3 Rc7 19. Nb6 Bc5 20. Nxd5 exd5
21. Qd3 Qg6 22. Rad1 Qxd3 23. Rxd3 d4 24. Rc1 Rdd7 25. Bxb7 Ba7 26. Rxc7 Rxc7
27. Bf3 Kf8 28. Kg2 Ke7 29. Be4 Ke6 30. g4 g6 31. Rd2 f5 32. gxf5+ gxf5 33. Bd3
Kf6 34. Rc2 Rxc2 35. Bxc2 Ke5 36. Bd3 Bb8 37. Kf3 h6 38. a4 Bd6 39. a5 f4 40.
a6 Bb8 41. Kg4 Kf6 42. b4 1-0

[Event "13. Lichtenberger Sommer"]
[Site "?"]
[Date "2014.08.24"]
[Round "9.9"]
[White "Jaeschke, Jens-Uwe"]
[Black "Heinig, Wolfram"]
[Result "0-1"]
[WhiteElo "2130"]
[BlackElo "2299"]
[PlyCount "200"]
[EventDate "2014.??.??"]
[WhiteTeam "Sfr.Nord-Ost Berlin"]
[BlackTeam "SK Zehlendorf e.V."]

1. d4 Nf6 2. Nf3 g6 3. Bf4 Bg7 4. e3 d6 5. h3 O-O 6. Be2 Nbd7 7. O-O b6 8. a4
a6 9. Bh2 Bb7 10. c3 e6 11. Nbd2 Qe7 12. Qc2 e5 13. Rfd1 e4 14. Ne1 Ne8 15. b4
f5 16. Rac1 g5 17. c4 c5 18. bxc5 dxc5 19. Nb1 cxd4 20. exd4 f4 21. Nc3 Kh8 22.
a5 b5 23. Qb3 e3 24. f3 Ndf6 25. cxb5 axb5 26. Qxb5 h6 27. Qb6 Nd6 28. a6 Nd7
29. Qa5 Nf6 30. Ra1 Bc6 31. h4 Nd7 32. d5 Bb7 33. Qb4 Bc8 34. Ra2 Qe5 35. Nb5
Rxa6 36. Nd3 Rxa2 37. Nxe5 Nxe5 38. Nxd6 Rxe2 39. hxg5 hxg5 40. Ne4 g4 41. fxg4
Bxg4 42. Rf1 Nd3 43. Qe7 f3 44. Qh4+ Kg8 45. Qxg4 Rxg2+ 46. Qxg2 fxg2 47. Rxf8+
Kxf8 48. Kxg2 e2 49. Bg3 Be5 50. Kf3 e1=Q 51. Bxe1 Nxe1+ 52. Ke3 Ke7 53. Ke2
Nc2 54. Kd3 Nd4 55. Kc4 Nf5 56. Kc5 Kd7 57. Nd2 Bd6+ 58. Kc4 Bb8 59. Ne4 Ba7
60. Nc5+ Kd6 61. Nb3 Ne3+ 62. Kd3 Kxd5 63. Nd2 Nd1 64. Ke2 Nb2 65. Kf3 Kd4 66.
Ne4 Bb8 67. Ng3 Na4 68. Nf5+ Kd3 69. Ng3 Nc3 70. Nf5 Ne2 71. Kg4 Ke4 72. Kg5
Be5 73. Kg4 Bf4 74. Nh4 Nd4 75. Ng6 Bd6 76. Nh4 Bb4 77. Ng6 Nf3 78. Kh5 Bd2 79.
Kg4 Be1 80. Ne7 Ne5+ 81. Kg5 Bc3 82. Ng6 Nf7+ 83. Kg4 Bf6 84. Kg3 Bg5 85. Nh4
Bf4+ 86. Kg2 Ng5 87. Kf2 Be5 88. Ng2 Nh3+ 89. Ke2 Bd4 90. Kd2 Bb6 91. Ke2 Ng1+
92. Kf1 Nf3 93. Ke2 Nd4+ 94. Kf2 Nf5+ 95. Ke2 Ba5 96. Kf2 Bc7 97. Ke2 Bg3 98.
Kd2 Nd4 99. Ne1 Bc7 100. Nd3 Ba5+ 0-1

[Event "13. Lichtenberger Sommer"]
[Site "?"]
[Date "2014.08.24"]
[Round "9.10"]
[White "Stets, Dmitry"]
[Black "Brümmel, Arend"]
[Result "1-0"]
[WhiteElo "2419"]
[BlackElo "2132"]
[PlyCount "101"]
[EventDate "2014.??.??"]
[WhiteTeam "Schachfreunde Gerresheim 86 e.V."]
[BlackTeam "Stader SV"]

1. e4 c5 2. Nf3 d6 3. d4 cxd4 4. Nxd4 Nf6 5. Nc3 a6 6. Be3 e6 7. Qd2 Be7 8. f3
Nc6 9. g4 Nxd4 10. Bxd4 O-O 11. O-O-O b5 12. g5 Nd7 13. h4 Bb7 14. Kb1 Rc8 15.
a3 Ne5 16. Qe3 Nc4 17. Bxc4 Rxc4 18. Rhg1 Ba8 19. Rd3 Qb8 20. Bf6 Re8 21. Bxe7
Rxe7 22. Rgd1 Rd7 23. Qd2 b4 24. axb4 Rxb4 25. Rxd6 Rxb2+ 26. Kc1 Qxd6 27. Qxd6
Rxd6 28. Rxd6 Rb8 29. Rxa6 h6 30. Ra7 Bc6 31. Rc7 Be8 32. Kd2 Kh7 33. Ne2 hxg5
34. hxg5 Kg6 35. Rc5 f5 36. Nf4+ Kxg5 37. Nxe6+ Kf6 38. exf5 Rb5 39. Rxb5 Bxb5
40. Nd4 Bd7 41. Ke3 Ke5 42. c3 Bc8 43. f4+ Kf6 44. c4 Bb7 45. c5 Bd5 46. Kd3
Ke7 47. Kc3 Kf6 48. Kb4 g6 49. fxg6 Kxg6 50. Kb5 Bb7 51. Kb6 1-0

[Event "13. Lichtenberger Sommer"]
[Site "?"]
[Date "2014.08.24"]
[Round "9.11"]
[White "Kapp, Martin"]
[Black "Kalinitschew, Sergey"]
[Result "1-0"]
[WhiteElo "2201"]
[BlackElo "2409"]
[PlyCount "69"]
[EventDate "2014.??.??"]
[WhiteTeam "Schachverein Erzgebirge Stollber"]
[BlackTeam "SC Kreuzberg e.V."]

1. d4 e6 2. Nf3 f5 3. g3 b6 4. Bg2 Bb7 5. c4 Bb4+ 6. Nc3 Nf6 7. O-O O-O 8. Qb3
a5 9. Na4 Be7 10. Rd1 Na6 11. d5 Qc8 12. d6 Bxd6 13. Rxd6 cxd6 14. Nxb6 Qc7 15.
Nxa8 Rxa8 16. Be3 Nc5 17. Qa3 a4 18. Rd1 Ng4 19. Bd4 e5 20. Bxc5 dxc5 21. h3
Nf6 22. Nh4 Bxg2 23. Nxg2 d6 24. Qf3 Rb8 25. Qxf5 Rxb2 26. Qe6+ Kf8 27. Rxd6
Rxe2 28. Ne3 Qf7 29. Rd8+ Ne8 30. Qd6+ Qe7 31. Qd1 Rxa2 32. Nf5 Qc7 33. Qd5 Qb6
34. Nd6 Qb1+ 35. Kg2 1-0

[Event "13. Lichtenberger Sommer"]
[Site "?"]
[Date "2014.08.24"]
[Round "9.12"]
[White "Brüdigam, Martin"]
[Black "Krefenstein, Sergej"]
[Result "0-1"]
[WhiteElo "2342"]
[BlackElo "2094"]
[PlyCount "124"]
[EventDate "2014.??.??"]
[WhiteTeam "SK König Tegel 1949 e.V."]
[BlackTeam "TuS Makkabi Berlin e.V."]

1. e4 e5 2. Nf3 Nf6 3. Nc3 Nc6 4. h3 Be7 5. d4 exd4 6. Nxd4 O-O 7. Nxc6 bxc6 8.
Bd3 d5 9. O-O Be6 10. e5 Nd7 11. f4 f5 12. exf6 Nxf6 13. Kh1 Qd7 14. Qf3 c5 15.
b3 d4 16. Ne4 Bd5 17. Bd2 Rae8 18. Rfe1 c6 19. Re2 Nxe4 20. Bxe4 Bxe4 21. Rxe4
Bh4 22. f5 Rxe4 23. Qxe4 Bf2 24. Rf1 Re8 25. Qg4 Be3 26. Be1 Rf8 27. Rf3 Qf7
28. Qe4 Qd5 29. Qd3 Bg5 30. Qe2 h6 31. h4 Bf6 32. g4 Rf7 33. Kg1 Re7 34. Qf1
Qe4 35. Bg3 Qxg4 36. Qc4+ Kh7 37. Kg2 Bxh4 38. f6 Bxf6 39. Qxc5 Re2+ 40. Rf2
Re3 41. Qf5+ Qxf5 42. Rxf5 Re2+ 43. Kf3 Rxc2 44. Ra5 Rc3+ 45. Kf2 d3 46. Bf4
Bd4+ 47. Ke1 Bb6 48. Re5 Rc2 49. a4 Re2+ 50. Rxe2 dxe2 51. b4 a6 52. Kxe2 Kg6
53. Be5 Kf7 54. Kd3 g5 55. Kc4 Ke6 56. Bb8 h5 57. b5 cxb5+ 58. axb5 axb5+ 59.
Kxb5 Bd4 60. Kc4 Be5 61. Ba7 h4 62. Kd3 h3 0-1

[Event "13. Lichtenberger Sommer"]
[Site "?"]
[Date "2014.08.24"]
[Round "9.13"]
[White "Fuchs, Heinz"]
[Black "Stiemerling, Wilfried"]
[Result "1/2-1/2"]
[WhiteElo "2353"]
[BlackElo "2134"]
[PlyCount "64"]
[EventDate "2014.??.??"]
[WhiteTeam "SC Untergrombach 46"]
[BlackTeam "BSG Pneumant Fürstenwalde e.V."]

1. c4 e5 2. Nc3 Bb4 3. Nd5 Be7 4. d4 d6 5. Nf3 Nc6 6. Nxe7 Qxe7 7. d5 Nb8 8. e4
a5 9. Be2 Nf6 10. Nd2 Nbd7 11. b3 Nc5 12. Qc2 O-O 13. O-O Bg4 14. Bxg4 Nxg4 15.
h3 Nf6 16. g4 h6 17. a3 Nh7 18. Rb1 c6 19. b4 axb4 20. axb4 Nd7 21. dxc6 bxc6
22. Qd3 Ng5 23. Rd1 Nf6 24. Re1 Rfd8 25. Nb3 Ne6 26. Bd2 Ra3 27. Ra1 Rda8 28.
Rxa3 Rxa3 29. Bc1 Ra4 30. Bd2 Ra3 31. Bc1 Ra4 32. Bd2 Ra3 1/2-1/2

[Event "13. Lichtenberger Sommer"]
[Site "?"]
[Date "2014.08.24"]
[Round "9.14"]
[White "Kreutzkamp, Hans-Rudolf"]
[Black "Siebarth, Raiko"]
[Result "1/2-1/2"]
[WhiteElo "2186"]
[BlackElo "2252"]
[PlyCount "102"]
[EventDate "2014.??.??"]
[WhiteTeam "SK Union Eimsbuettel eV"]
[BlackTeam "SG Blau-Weiß Stadtilm"]

1. e4 c5 2. Nf3 d6 3. d4 cxd4 4. Nxd4 Nf6 5. Nc3 a6 6. a4 e5 7. Nb3 Be7 8. Be2
O-O 9. Be3 Be6 10. a5 Nbd7 11. O-O Rc8 12. Kh1 Rxc3 13. bxc3 Nxe4 14. Qe1 Qc7
15. c4 Bxc4 16. Nd2 Nxd2 17. Qxd2 Nf6 18. Bxc4 Qxc4 19. Rfb1 d5 20. Qd3 Qc7 21.
h3 d4 22. Bg5 Rd8 23. Bxf6 Bxf6 24. Ra3 Qe7 25. f3 e4 26. fxe4 Be5 27. Rab3 Rd7
28. Qc4 g6 29. Rf3 Kg7 30. Rbf1 f6 31. Rb1 Rc7 32. Qb3 Qc5 33. Qa4 Qxc2 34.
Qxc2 Rxc2 35. Rxb7+ Kh6 36. g4 Ra2 37. h4 Rh2+ 38. Kg1 Rxh4 39. Ra7 Rxg4+ 40.
Kf1 d3 41. Rxa6 Rxe4 42. Rxd3 Ra4 43. Rh3+ Kg5 44. Rxh7 Kg4 45. Ke2 g5 46. Ra8
f5 47. a6 f4 48. a7 f3+ 49. Kd3 Bd4 50. Rf7 Bg1 51. Raf8 Rxa7 1/2-1/2

[Event "13. Lichtenberger Sommer"]
[Site "?"]
[Date "2014.08.24"]
[Round "9.15"]
[White "Albrecht, Rainer"]
[Black "Schneider, Christian"]
[Result "1/2-1/2"]
[WhiteElo "2109"]
[BlackElo "2211"]
[PlyCount "21"]
[EventDate "2014.??.??"]
[WhiteTeam "SC Kreuzberg e.V."]
[BlackTeam "SG Blau-Weiß Stadtilm"]

1. d4 Nf6 2. c4 e6 3. Nc3 Bb4 4. Bd2 b6 5. f3 c5 6. d5 exd5 7. cxd5 O-O 8. e4
Re8 9. Nh3 d6 10. Nf2 Nbd7 11. Be2 1/2-1/2

[Event "13. Lichtenberger Sommer"]
[Site "?"]
[Date "2014.08.24"]
[Round "9.16"]
[White "Amelang, Thomas"]
[Black "Reichenbach, Werner"]
[Result "1-0"]
[WhiteElo "2109"]
[BlackElo "2258"]
[PlyCount "93"]
[EventDate "2014.??.??"]
[WhiteTeam "SK Siemens München"]
[BlackTeam "SK Zehlendorf e.V."]

1. e4 e5 2. Nf3 Nc6 3. Bb5 a6 4. Ba4 Nf6 5. O-O Be7 6. d3 d6 7. c3 O-O 8. Nbd2
h6 9. Re1 b5 10. Bb3 Na5 11. Bc2 c5 12. Nf1 Qc7 13. Ng3 Re8 14. Nh4 Bf8 15.
Nhf5 Kh7 16. Qf3 Qd8 17. Bd2 Rb8 18. Rad1 g6 19. Ne3 Bg7 20. h3 Kg8 21. Ng4
Nxg4 22. hxg4 Qh4 23. Ra1 Bxg4 24. Qe3 Nc6 25. Nf1 Bd7 26. g3 Qe7 27. a3 Nd8
28. Qf3 Ne6 29. Ne3 Ng5 30. Qg2 Bh3 31. Qh1 Be6 32. Kf1 f5 33. f4 Nf7 34. Re2
Rf8 35. Rf2 Qd7 36. b4 Rbc8 37. Rd1 cxb4 38. cxb4 exf4 39. gxf4 Bd4 40. exf5
gxf5 41. Qh5 Kh7 42. Bb1 Rg8 43. Rh2 Rg3 44. Nc2 Bf6 45. d4 d5 46. Ne3 Nd6 47.
Qxh6+ 1-0

[Event "13. Lichtenberger Sommer"]
[Site "?"]
[Date "2014.08.24"]
[Round "9.17"]
[White "Tonndorf, Matthias"]
[Black "Deutschbein, Christopher"]
[Result "1-0"]
[WhiteElo "2263"]
[BlackElo "1984"]
[PlyCount "145"]
[EventDate "2014.??.??"]
[WhiteTeam "SV Caissa Wolfenbüttel"]
[BlackTeam "Bille SC von 1924 e.V."]

1. e4 e5 2. Nf3 Nc6 3. Bc4 Nf6 4. d3 Be7 5. Nc3 d6 6. h3 O-O 7. Be3 Na5 8. a3
Nxc4 9. dxc4 b6 10. Qd3 Bb7 11. g4 a5 12. O-O-O Nd7 13. Nd2 Bg5 14. h4 Nc5 15.
Qe2 Bxe3 16. Qxe3 a4 17. Ne2 Bc6 18. f3 Qd7 19. Rdg1 Rfb8 20. g5 b5 21. cxb5
Bxb5 22. Nc3 Ba6 23. g6 c6 24. gxh7+ Kh8 25. Rxg7 Qb7 26. Nd1 Ne6 27. Rg4 Nf4
28. Rxf4 exf4 29. Qxf4 Qe7 30. Rg1 f6 31. c3 Rb7 32. Ne3 Rab8 33. Nf5 Qe5 34.
Rg8+ Rxg8 35. hxg8=Q+ Kxg8 36. Qg4+ Kf8 37. Qh5 d5 38. Qh8+ Kf7 39. Qd8 dxe4
40. fxe4 Ra7 41. h5 Be2 42. Nh6+ Ke6 43. Qg8+ Kd7 44. Qg7+ Qe7 45. Qg1 Ra5 46.
Nf5 Rxf5 47. exf5 Bxh5 48. Nc4 Qe4 49. Qg7+ Qe7 50. Nb6+ Kd8 51. Qxe7+ Kxe7 52.
Kd2 Bg4 53. Ke3 Bxf5 54. Nxa4 Bc2 55. Nc5 Kd6 56. Kd4 f5 57. b4 Kc7 58. c4 Kb6
59. a4 Bd1 60. a5+ Ka7 61. Ne6 Kb7 62. Kc5 Bf3 63. b5 cxb5 64. cxb5 Be4 65. Kd6
Kb8 66. b6 f4 67. Nxf4 Kb7 68. Kc5 Ka6 69. Kb4 Bf5 70. Nd5 Bd3 71. Nc7+ Kb7 72.
Kc5 Be4 73. a6+ 1-0

[Event "13. Lichtenberger Sommer"]
[Site "?"]
[Date "2014.08.24"]
[Round "9.19"]
[White "Vogel, Robert"]
[Black "Kornrumpf, Joachim"]
[Result "1-0"]
[WhiteElo "2262"]
[BlackElo "2061"]
[PlyCount "89"]
[EventDate "2014.??.??"]
[WhiteTeam "SG Pang-Rosenheim 1910 e.V."]
[BlackTeam "Preetzer TSV"]

1. d4 Nf6 2. c4 e6 3. g3 d5 4. Bg2 Bb4+ 5. Nc3 O-O 6. Nf3 c5 7. cxd5 cxd4 8.
Nxd4 Nxd5 9. Bd2 Nxc3 10. bxc3 Ba5 11. Rb1 e5 12. Rxb7 exd4 13. Rb3 Be6 14.
Bxa8 dxc3 15. Rxc3 Bxc3 16. Bxc3 Qxd1+ 17. Kxd1 Nd7 18. Bf3 Bxa2 19. Kd2 Bc4
20. Rc1 Bb5 21. Bd4 Nb6 22. Rc7 Rd8 23. e3 Nd7 24. Kc3 a6 25. Bd5 h6 26. e4 Bf1
27. f4 Bb5 28. Ba2 Rf8 29. e5 Kh8 30. Bd5 Kh7 31. Kb4 Kh8 32. Kc3 Kh7 33. Be4+
Kg8 34. Kd2 Rd8 35. Ke3 Nf8 36. f5 Nd7 37. g4 Re8 38. Kf4 Rd8 39. Bd5 Rf8 40.
h4 Rd8 41. g5 hxg5+ 42. hxg5 Ba4 43. g6 Nf6 44. gxf7+ Kh7 45. exf6 1-0

[Event "13. Lichtenberger Sommer"]
[Site "?"]
[Date "2014.08.24"]
[Round "9.20"]
[White "Plump, Detlef"]
[Black "Issel, Oliver"]
[Result "1-0"]
[WhiteElo "2228"]
[BlackElo "2071"]
[PlyCount "55"]
[EventDate "2014.??.??"]

1. e4 g6 2. d4 Bg7 3. Nc3 d6 4. f4 e6 5. Nf3 Ne7 6. Be3 h6 7. Bd3 a6 8. a4 b6
9. O-O Nd7 10. e5 Bb7 11. Ne4 Bxe4 12. Bxe4 d5 13. Bd3 c5 14. c3 c4 15. Bc2 b5
16. g4 Rb8 17. axb5 axb5 18. Bf2 Nc6 19. f5 gxf5 20. gxf5 exf5 21. Bxf5 O-O 22.
Kh1 Ne7 23. Bh4 Qe8 24. Bxe7 Qxe7 25. Ra7 Rfd8 26. Qe2 Qe8 27. e6 fxe6 28.
Qxe6+ 1-0